O menino que morava na nuvem (Record no. 192425)

MARC details
000 -LÍDER
campo de controle de tamanho fixo 00387 a2200169 4500
001 - NÚMERO DE CONTROLE
campo de controle 192425
020 ## - ISBN - INTERNATIONAL STANDARD BOOK NUMBER
ISBN - International Standard Book Number 978-85-69062-18-9
040 ## - FONTE DA CATALOGAÇÃO
Instituição que transcreveu o registro Magnum
100 ## - ENTRADA PRINCIPAL--NOME PESSOAL
Nome pessoal Moreira, Luciana Neves
240 10 - TÍTULO UNIFORME
Título uniforme O menino que morava na nuvem
Idioma da obra por
245 10 - TÍTULO
Título O menino que morava na nuvem
300 ## - DESCRIÇÃO FÍSICA
Extensão 23
362 0# - DATAS DE PUBLICAÇÃO E/OU DESIGNAÇÃO SEQUENCIAL
Datas de publicação e/ou designação sequencial 2016
440 #1 - DECLARAÇÃO DE SÉRIE/ENTRADA ADICIONADA--TÍTULO
Título Ramalhete
697 ## - ENTRADA DE ASSUNTO LOCAL--ENTIDADE COLETIVA (RLIN)
Nome corporativo ou nome da jurisdição LITERATURA INFANTO
942 ## - ELEMENTOS DE ENTRADA ADICIONADOS (KOHA)
Tipo de material Koha Livros
Holdings
Situação do descarte Situação das perdas Situação física Não pode ser emprestado Biblioteca de origem Biblioteca atual Data de aquisição Total de empréstimos Número de chamada completo Código de barras Data de último acesso Data do preço efetivo Tipo de material Koha
        Magnum Magnum 08/06/2024   869.1.113 MAG00070577 08/06/2024 08/06/2024 Livros
        Magnum Magnum 08/06/2024   869.1.113 MAG00070578 08/06/2024 08/06/2024 Livros
        Magnum Magnum 08/06/2024   869.1.113 MAG00070579 08/06/2024 08/06/2024 Livros
        Magnum Magnum 08/06/2024   869.1.113 MAG00070580 08/06/2024 08/06/2024 Livros